00467nam a2200181 a 4500001001300000003000900013005001700022008004100039020002200080082001700102100001900119245002600138260004400164300000900208500003500217505001000252650002300262nice12345678IN_TiNIC20260116012733.0050524s1991 dela grp 000 0 eng  a8185220 c9500a954.022bKAU aKaur, Surinder aSecular Emperor Babar aDelhibInstt.Of Objective Studiesc1991 a117p aincludes index and biblioraphy2 aIndex aMughal India-Babar